000 00657nam a22002177a 4500
003 BUBTL
008 170725b xxu||||| |||| 00| 0 eng d
020 _a0256669167
082 _a657/ H4269a/ 1992
100 _91316
_aHermanson, Roger H.
245 _aAccounting Principles :
_cRoger H. Hermanson, James Don Edwards and Michael W. Maher
250 _a5th
260 _aBoston
_bIrwin
_cc1992
300 _a[xi], 1266p.
_c24cm.
650 0 _95
_aAccounting
700 _91317
_aRoger H. Hermanson, Edwards,James Don and Maher,Michael W.
760 _b5th
856 _k0
_l0
_yDownload
942 _2ddc
_cBK
999 _c5492
_d5492